El Dorado - 24kGoldn - Statistics

General Stats
  • This quiz has been taken 3 times
  • The average score is 10 of 13
Answer Stats
Songs Plays Artists % Correct
3, 2, 1 113,424,406 24kGoldn
100%
Coco 172,282,671 24kGoldn, DaBaby
100%
Cut It Off 4,321,517 24kGoldn
100%
Empty 7,899,377 24kGoldn, Swae Lee
100%
Love Or Lust 27,030,114 24kGoldn
100%
Mood 2,109,925,155 24kGoldn, iann dior
100%
Outta Pocket 9,843,287 24kGoldn
100%
Breath Away 8,943,475 24kGoldn
50%
Company 81,571,412 24kGoldn, Future
50%
Don't Sleep 5,861,682 24kGoldn
50%
The Top 13,289,282 24kGoldn
50%
Yellow Lights 6,967,108 24kGoldn
50%
Buttlerflies 7,790,409 24kGoldn
0%
No matching quizzes found
Score Distribution
Percent of People with Each Score
Percentile by Number Answered
Your Score History
You have not taken this quiz